LEADER 00685nls0 2200253 450 001 000030137 005 20210719133826.0 011 $a1972-4993 100 $a20141105a2006----km-y0itay50------ba 101 0 $amul 102 $aIT 106 $as 110 $aa------0--- 135 $avr----------- 200 1 $aGrounding$brisorsa elettronica 210 $aMilano$cFranco Angeli$d2006- 230 $arisorsa online 610 1 $aMedicina$aPsicologia$aPatologie 801 0$aIT$bUNIPARTHENOPE$gRICA$2UNIMARC 856 4 $uhttp://digital.casalini.it/19724993 912 $a000030137 958 $aDownload full text 2006-2011$cNAVA1 996 $aGrounding$9542933 997 $aUNIPARTHENOPE LEADER 01204nam0-22003971i-450 001 990000714540403321 005 20260309103157.0 035 $aFED01000071454 035 $a(Aleph)000071454FED01 035 $a000071454 100 $a20101116d1947----km-y0itay50------ba 101 0 $aita 102 $aIT 105 $aa-------001yy 200 1 $aEdifici per l'istruzione$escuole materne, elementari, medie, universitarie$econ 532 illustrazioni e 10 tabelle$fPasquale Carbonara 210 $aMilano$cAntonio Vallardi$dstampa 1947 215 $a287 p.$cill.$d26 cm 225 1 $aManuali di composizione e tecnica nell'architettura moderna 610 0 $aEdilizia scolastica 676 $a727 700 1$aCarbonara,$bPasquale$02209 801 0$aIT$bUNINA$gRICA$2UNIMARC 901 $aBK 912 $a990000714540403321 952 $aARCH B 44$b2177$fFARBC 952 $a01 FA 2012$b14$fDINST 952 $a13 D 27 13$b18972$fFINBC 952 $a791 SEZ. ANDRIELLO$bs.i.$fDARPU 952 $aDE FUSCO 2286$bRDF 2360$fDARST 959 $aDARST 959 $aDARPU 959 $aFARBC 959 $aDINST 959 $aFINBC 996 $aEdifici per l'istruzione$9314365 997 $aUNINA